2022 NCAA Tournament Teams in the Sweet Sixteen - Statistics

General Stats
  • This quiz has been taken 46 times
  • The average score is 13 of 16
Answer Stats
Hint Answer % Correct
2 Duke
97%
8 North Carolina
95%
1 Gonzaga
89%
1 Kansas
89%
15 Saint Peter's
89%
1 Arizona
86%
3 Texas Tech
86%
4 UCLA
86%
11 Michigan
84%
2 Villanova
84%
4 Arkansas
78%
10 Miami (FL)
78%
3 Purdue
78%
11 Iowa State
73%
5 Houston
65%
4 Providence
51%
No matching quizzes found
Score Distribution
Percent of People with Each Score
Percentile by Number Answered
Your Score History
You have not taken this quiz